| 000 | 00664nam a2200193 u 4500 | ||
|---|---|---|---|
| 001 | 000336663 | ||
| 003 | AM-YeHGA | ||
| 005 | 20250618072113.0 | ||
| 008 | 040219s1973 ai r 000 0 arm d | ||
| 040 | _aAM-YeHGA | ||
| 041 | 1 | _aarm | |
| 100 | 1 | _aԿորչագինա, Վերա Ալեքսանդրովնա | |
| 245 | 1 | 0 |
_aԲուսաբանություն : _bԴասագիրք միջն. դպր. 5-6-րդ դաս. համար / _cՎ.Ա. Կորչագինա. |
| 250 | _a5-րդ հրատ. | ||
| 260 |
_aԵրևան : _bԼույս, _c1973. |
||
| 300 |
_a272 էջ : _bնկ. ; _c25 սմ. |
||
| 650 | 1 | 4 |
_aԲուսաբանություն _vԴասագիրք _94665 |
| 090 | _c128324 | ||
| 999 |
_c126962 _d126962 |
||